Second order PDE's in finite and infinite dimension : a probabilistic approach
Αποθηκεύτηκε σε:
| Κύριος συγγραφέας: | |
|---|---|
| Μορφή: | Βιβλίο |
| Γλώσσα: | English |
| Δημοσίευση: |
Berlin ; New York :
Springer,
c2001
|
| Σειρά: | Lecture notes in mathematics (Springer-Verlag)
; 1762 |
| Θέματα: | |
| Ετικέτες: |
Προσθήκη ετικέτας
Δεν υπάρχουν, Καταχωρήστε ετικέτα πρώτοι!
|
MARC
| LEADER | 00000nam a2200000 i 4500 | ||
|---|---|---|---|
| 001 | 1/67317 | ||
| 008 | 041130s2001 eng d | ||
| 020 | |a 354042136X | ||
| 035 | |l 10075562 | ||
| 040 | |a GR-MY-UA |b gre |e aacr | ||
| 041 | 0 | |a eng | |
| 082 | 0 | |a 519.2 |2 (21) | |
| 100 | 1 | |a Cerrai, Sandra |d 1969- | |
| 245 | 1 | 0 | |a Second order PDE's in finite and infinite dimension : |b a probabilistic approach / |c Sandra Cerrai |
| 260 | |a Berlin ; New York : |b Springer, |c c2001 | ||
| 300 | |a ix, 330 σ.; |c 24 εκ. | ||
| 490 | 1 | |a Lecture notes in mathematics |v ; 1762 | |
| 504 | |a Περιέχει βιβλιογραφικές αναφορές και ευρετήριο | ||
| 650 | 0 | 0 | |a Stochastic partial differential equations. |
| 830 | 0 | |a Lecture notes in mathematics (Springer-Verlag) |v ; 1762 | |
| 852 | |a INST |b SAMOS |e 20041130 |h 519.2 CER |p 005300022607 |q 005300022607 |t BK |y 0 | ||
| 901 | |a BIBL3-2004-3 | ||
| 909 | |a Σ |b 116545 | ||
| 922 | |a 3ΕΛΗ |b 200410 |c ΕΠΕΑΕΚ2/ΤΜΗΜΑ ΜΑΘΗΜΑΤΙΚΩΝ |d ΜΙΧΑΛΟΠΟΥΛΟΣ | ||
| 950 | |a 116-2004-10-10 | ||
| 970 | |a ΚΟΣΙΕΡΗΣ |b ΧΡΗΣΤΟΣ |z 2004/12/01 | ||